<?xml version="1.0" encoding="UTF-8"?>
<collection xmlns="http://www.loc.gov/MARC21/slim">
 <record>
  <leader>01209nam a22002177a 4500</leader>
  <controlfield tag="001">NCT_4_013795</controlfield>
  <controlfield tag="008">241021b        xxu||||| |||| 00| 0 vie d</controlfield>
  <datafield tag="999" ind1=" " ind2=" ">
   <subfield code="c">8650</subfield>
   <subfield code="d">8650</subfield>
  </datafield>
  <datafield tag="020" ind1=" " ind2=" ">
   <subfield code="a">9786049110009</subfield>
   <subfield code="c">75000</subfield>
  </datafield>
  <datafield tag="082" ind1="0" ind2="4">
   <subfield code="2">23rd ed.</subfield>
   <subfield code="a">621.3815</subfield>
   <subfield code="b">Dz513</subfield>
  </datafield>
  <datafield tag="100" ind1="1" ind2=" ">
   <subfield code="a">Nguyen Tien Dzung</subfield>
  </datafield>
  <datafield tag="245" ind1="1" ind2="0">
   <subfield code="a">Fundamentals of electro-electronic circuits</subfield>
   <subfield code="c">Nguyen Tien Dzung</subfield>
  </datafield>
  <datafield tag="260" ind1=" " ind2=" ">
   <subfield code="a">H.</subfield>
   <subfield code="b">Bach Khoa</subfield>
   <subfield code="c">2010</subfield>
  </datafield>
  <datafield tag="300" ind1=" " ind2=" ">
   <subfield code="a">208 p.</subfield>
   <subfield code="c">24cm</subfield>
  </datafield>
  <datafield tag="520" ind1="3" ind2=" ">
   <subfield code="a">The book is addressed to students at Vietnamese universities of technology, which offer electro-electronics and informatics majors for advanced education and international joint programs.</subfield>
  </datafield>
  <datafield tag="653" ind1=" " ind2=" ">
   <subfield code="a">Công nghệ thông tin</subfield>
  </datafield>
  <datafield tag="942" ind1=" " ind2=" ">
   <subfield code="2">ddc</subfield>
   <subfield code="c">BK</subfield>
  </datafield>
  <datafield tag="952" ind1=" " ind2=" ">
   <subfield code="0">0</subfield>
   <subfield code="1">0</subfield>
   <subfield code="2">ddc</subfield>
   <subfield code="4">0</subfield>
   <subfield code="6">621_381500000000000_DZ513</subfield>
   <subfield code="7">0</subfield>
   <subfield code="9">29708</subfield>
   <subfield code="a">000001</subfield>
   <subfield code="b">000001</subfield>
   <subfield code="d">2024-10-21</subfield>
   <subfield code="o">621.3815 Dz513</subfield>
   <subfield code="p">MD.23023</subfield>
   <subfield code="r">2024-10-21</subfield>
   <subfield code="v">75000.00</subfield>
   <subfield code="w">2024-10-21</subfield>
   <subfield code="y">BK</subfield>
  </datafield>
  <datafield tag="952" ind1=" " ind2=" ">
   <subfield code="0">0</subfield>
   <subfield code="1">0</subfield>
   <subfield code="2">ddc</subfield>
   <subfield code="4">0</subfield>
   <subfield code="6">621_381500000000000_DZ513</subfield>
   <subfield code="7">0</subfield>
   <subfield code="9">29709</subfield>
   <subfield code="a">000001</subfield>
   <subfield code="b">000001</subfield>
   <subfield code="d">2024-10-21</subfield>
   <subfield code="o">621.3815 Dz513</subfield>
   <subfield code="p">MD.23024</subfield>
   <subfield code="r">2024-10-21</subfield>
   <subfield code="v">75000.00</subfield>
   <subfield code="w">2024-10-21</subfield>
   <subfield code="y">BK</subfield>
  </datafield>
  <datafield tag="952" ind1=" " ind2=" ">
   <subfield code="0">0</subfield>
   <subfield code="1">0</subfield>
   <subfield code="2">ddc</subfield>
   <subfield code="4">0</subfield>
   <subfield code="6">621_381500000000000_DZ513</subfield>
   <subfield code="7">0</subfield>
   <subfield code="9">29710</subfield>
   <subfield code="a">000001</subfield>
   <subfield code="b">000001</subfield>
   <subfield code="d">2024-10-21</subfield>
   <subfield code="o">621.3815 Dz513</subfield>
   <subfield code="p">MD.23025</subfield>
   <subfield code="r">2024-10-21</subfield>
   <subfield code="v">75000.00</subfield>
   <subfield code="w">2024-10-21</subfield>
   <subfield code="y">BK</subfield>
  </datafield>
  <datafield tag="980" ind1=" " ind2=" ">
   <subfield code="a">Thư viện Trường Đại học Nam Cần Thơ</subfield>
  </datafield>
 </record>
</collection>
